| 000 | 01952 a2200217 4500 | ||
|---|---|---|---|
| 001 | 51 | ||
| 005 | 20260407155406.0 | ||
| 008 | 260407a1997 arg spa d | ||
| 003 | AR-UNSa-BCEJYS | ||
| 040 |
_aAR-UNSa-BCEJYS _bspa _cAR-UNSa-BCEJYS |
||
| 245 | 1 | 0 | _aAdministración financiera |
| 020 | _a978-968-880-950-1 | ||
| 250 | _a10a. ed. | ||
| 264 | 1 |
_aMéxico : _bPrentice-Hall _c1997 |
|
| 300 |
_aXIX, 858 p. _c25 cm. |
||
| 505 | _a1. Las metas y las funciones de las finanzas - 2. Conceptos en la valuación - 3. Riesgos y rentabilidad en el mercado - 4. Evaluación factorial y multivariada - 5. Valuación de opciones - 6. Principios de la inversión de capital - 7. El riesgo y opciones reales en la presupuestación del capital - 8. Creación del valor mediante los rendimientos requeridos - 9. Teoría de la estructura del capital - 10. La toma de decisiones sobre la estructura de capital - 11. la política de dividendos:teoría y práctica - 12. Activos líquidos y estructuración de los pasivos - 13. La administración de efectivo y los valores negociables - 14.La administración delas cuentas por cobrar y los inventarios - 15. Financiamiento sin garantía de corto plazo - 16. Préstamos con garantia - 17. Fundamentos para el finaciamiento a largo plazo - 18. Arrendamiento financiero a largo plazo - 19. Emisión de valores - 20. Financiamiento de ingreso fijo y pasivo para pensiones - 21. Financiamiento con opciones:warrants, convertibles e intercambiables - 22. Manejo de riesgo financiero - 23. Las fusiones y el mercado del control corporativo - 24. Reestructuración corporativa y forzada - 25. Administración financiera internacional - 26. Análisis de razones financieras - 27. Planeación financiera | ||
| 942 | _cBK | ||
| 590 | _aniveau_biblio:m niveau_hierar:0 | ||
| 100 | 1 | _aVan Horne, James C. | |
| 856 | 4 | 1 |
_uhttps://biblioeco.unsa.edu.ar/pmb/images/libros/Administracion Financiera.jpg _yImagen de portada _qimage/jpeg |
| 999 |
_c42 _d42 |
||